LEADER 00806nam0-22003131i-450- 001 990001054230403321 010 $a0-19-853189-3 035 $a000105423 035 $aFED01000105423 035 $a(Aleph)000105423FED01 035 $a000105423 100 $a20000920d1984----km-y0itay50------ba 101 0 $aeng 200 1 $aSubrecursion$eFunctions and Hierarchies$fH.E. Rose 210 $aOxford$cClarendon Press$d1984 215 $axiii, 189 p.$d24 cm 225 1 $aOxford Logic Guides$v9 610 0 $aLogica 610 0 $aRicorsività 676 $a160 700 1$aRose,$bH.E.$050242 801 0$aIT$bUNINA$gRICA$2UNIMARC 901 $aBK 912 $a990001054230403321 952 $a7-250$b12789$fFI1 959 $aFI1 996 $aSubrecursion$9340811 997 $aUNINA DB $aING01